ARRUPE JESUIT UNIVERSITY

CORONAVIRUS -STOP THE SPREAD - CLEAN,DISINFECT,COVER

Untold stories / (Record no. 118812)

MARC details
000 -LEADER
fixed length control field 01093cam a2200361 a 4500
001 - CONTROL NUMBER
control field 5461732
003 - CONTROL NUMBER IDENTIFIER
control field ARRUPE
005 - DATE AND TIME OF LATEST TRANSACTION
control field 20131127164230.0
008 - FIXED-LENGTH DATA ELEMENTS--GENERAL INFORMATION
fixed length control field 050422s2005 enkaf e 001 0beng
015 ## - NATIONAL BIBLIOGRAPHY NUMBER
National bibliography number GBA562683
Source bnb
016 7# - NATIONAL BIBLIOGRAPHIC AGENCY CONTROL NUMBER
Record control number 013261143
Source Uk
016 7# - NATIONAL BIBLIOGRAPHIC AGENCY CONTROL NUMBER
Record control number 013240112
Source Uk
020 ## - INTERNATIONAL STANDARD BOOK NUMBER
International Standard Book Number 0571228305 (hbk.)
020 ## - INTERNATIONAL STANDARD BOOK NUMBER
International Standard Book Number 0571214916 (hbk.)
020 ## - INTERNATIONAL STANDARD BOOK NUMBER
International Standard Book Number 0571230423 (limited ed.)
035 ## - SYSTEM CONTROL NUMBER
System control number (OCoLC)ocm60794261
035 ## - SYSTEM CONTROL NUMBER
System control number (NNC)5461732
040 ## - CATALOGING SOURCE
Original cataloging agency UKM
Transcribing agency UKM
Modifying agency BWKUK
050 #4 - LIBRARY OF CONGRESS CALL NUMBER
Classification number PR6052.E5.Z464 2005
082 04 - DEWEY DECIMAL CLASSIFICATION NUMBER
Classification number 822.914
Edition number 22
082 04 - DEWEY DECIMAL CLASSIFICATION NUMBER
Classification number 828.91408
Edition number 22
300 ## - PHYSICAL DESCRIPTION
Other physical details ill. (some col.) ;
Dimensions 24 cm.
100 1# - MAIN ENTRY--PERSONAL NAME
Personal name Bennett, Alan,
Dates associated with a name 1934-
9 (RLIN) 4297
245 10 - TITLE STATEMENT
Title Untold stories /
Statement of responsibility, etc Alan Bennett.
260 ## - PUBLICATION, DISTRIBUTION, ETC. (IMPRINT)
Place of publication, distribution, etc London :
Name of publisher, distributor, etc Faber and Faber :
-- Profile Books,
Date of publication, distribution, etc 2005.
300 ## - PHYSICAL DESCRIPTION
Extent xv, 658 p., [24] p. of plates :
500 ## - GENERAL NOTE
General note Includes index.
600 10 - SUBJECT ADDED ENTRY--PERSONAL NAME
Personal name Bennett, Alan,
Dates associated with a name 1934-
9 (RLIN) 4298
600 10 - SUBJECT ADDED ENTRY--PERSONAL NAME
Personal name Bennett, Alan,
Dates associated with a name 1934-
Form subdivision Diaries.
9 (RLIN) 4299
650 #0 - SUBJECT ADDED ENTRY--TOPICAL TERM
Topical term or geographic name as entry element Dramatists, English
Chronological subdivision 20th century
Form subdivision Biography.
9 (RLIN) 4300
942 ## - ADDED ENTRY ELEMENTS (KOHA)
Source of classification or shelving scheme Library of Congress Classification
Koha item type Monograph ( Printed materials)
948 1# - LOCAL PROCESSING INFORMATION (OCLC); SERIES PART DESIGNATOR (RLIN)
Series part designator, SPT (RLIN) 20051104
b (OCLC) c
c (OCLC) jeb52
d (OCLC) MPS
Holdings
Withdrawn status Lost status Source of classification or shelving scheme Damaged status Not for loan Home library Current library Shelving location Date acquired Total Checkouts Full call number Barcode Date last seen Price effective from Koha item type
    Library of Congress Classification     ARRUPE LIBRARY ARRUPE LIBRARY Main Collection 27/11/2013   PR6052.E5.Z464 2005 46410281 27/11/2013 27/11/2013 Monograph ( Printed materials)

 

Arrupe Library. PO Box MP320 Mt Pleasant, Harare, Zimbabwe
263 242 745411|librarian@aju.ac.zw